00409nam a2200169Ia 4500008004100000041001200041082002000053100001500073245003000088365000700118520001400125546001200139630003000151650001400181655001400195730003000209101110s9999 xx 000 0 und d aENGLISH bSR4790a330.094 aSingh V.B. aEconomic History of India b30 aEconomics aENGLISH aEconomic History of India aEconomics aEconomics aEconomic History of India